000 00392nam a2200145 i 4500
001 bg
100 1 _aKONCEVOJ, Ju. A.
245 0 _aMetody kontrolja teechnologii proźwodstva poluprovodnikovych priborov /
_cJu.A. Kocevoj, V.D. Kudin.
260 _aMoskva,
_c1973.
700 1 _aKUDIN, V. D.
040 _cBPK
041 _apol
942 _cKS
008 s pl f |000 0 pol
999 _c26692
_d26692
856 _uhttp://koha.tu.koszalin.pl/cgi-bin/koha/opac-detail.pl?biblionumber=26692
_yKatalog online BPK